000
00262nam a2200109Ia 4500
008
191206s9999 xx 000 0 und d
020
_a
9.78008E+11
090
_a
P90.B284
245
0
_a
Introduction to mass communication
260
_a
McGraw-Hill
260
_c
c2011
999
_c
16252
_d
16252